Optimization techniques : proceedings of the 9th IFIP Conference on Optimization Techniques, Warsaw, September 4-8, 1979 /

Guardado en:
Autores Corporativos: IFIP Conference on Optimization Techniques Warsaw), International Federation for Information Processing.
Otros Autores: Iracki, K., 1940-, (Editor , ed.), Malanowski, Kazimierz., (Editor , ed.), Walukiewicz, Stanisaw., (Editor , ed.)
Formato: Libro
Idioma:English
Publicado: Berlin : Springer-Verlag, 1980-1981.
Series:Lecture notes in control and information sciences ; 22
Materias:
Etiquetas: Agregar Etiqueta
Sin Etiquetas, Sea el primero en etiquetar este registro!
LEADER 01504cam a22003375a 4500
001 EIQ.libpla001417
008 800421m19801981wb#a#####b####101#0#eng#d
005 20061004160924.0
245 1 0 |a Optimization techniques :  |b proceedings of the 9th IFIP Conference on Optimization Techniques, Warsaw, September 4-8, 1979 /  |c edited by K. Iracki, K. Malanowski, S. Walukiewicz. 
260 |a Berlin :  |b Springer-Verlag,  |c 1980-1981. 
300 |a 2 v. :  |b il. ;  |c 25 cm. 
440 0 |a Lecture notes in control and information sciences ;  |v 22 
504 |a Incluye referencias bibliográficas e índices. 
020 |a 0387100806 (U.S. : pbk. : v. 1) 
020 |a 0387100814 (U.S. : pbk. : v. 2) 
111 2 |a IFIP Conference on Optimization Techniques  |n (9th :  |d 1979 :  |c Warsaw) 
700 1 |a Iracki, K.,  |d 1940-,  |e ed.  |4 edt 
700 1 |a Malanowski, Kazimierz.,  |e ed.  |4 edt 
700 1 |a Walukiewicz, Stanisaw.,  |e ed.  |4 edt 
710 2 |a International Federation for Information Processing. 
082 0 0 |a 515 
650 4 |a Optimización matemática  |x Congresos. 
650 4 |a Teoría del control  |x Congresos. 
650 4 |a Programación (Matemáticas)  |x Congresos. 
650 0 |a Control theory  |x Congresses. 
650 0 |a Programming (Mathematics)  |x Congresses. 
650 0 |a Mathematical optimization  |x Congresses. 
010 |a  80014960  
040 |a DLC  |c DLC  |d AR-BbSID 
859 |a AR-BbSID  |b BIB. PLAPIQUI  |h 629.831  |i In 8  |p 2422  |v Pte. 1  |3 Pte. 1 
859 |a AR-BbSID  |b BIB. PLAPIQUI  |h 629.831  |i In 8  |p 863  |v Pte. 2  |3 Pte. 2